| 000 | 01345nam a22002537a 4500 | ||
|---|---|---|---|
| 005 | 20110801171626.0 | ||
| 010 | _aB-423847-848 | ||
| 020 |
_a9780415544597 _c595.00 |
||
| 035 | _aB-423847-848 | ||
| 037 | _bAllied Publishers | ||
| 082 | _a270.68 | ||
| 100 | 1 |
_aGupta, Nilanjana. _932457 |
|
| 245 | 1 | 0 |
_aReading with Allah : _bmadrasas in West Bengal / _cNilanjana Gupta. |
| 260 |
_aNew Delhi : _bRoutledge, _c2009. |
||
| 300 |
_axii, 192 pages : _billustrations ; _c22 cm (Hb) |
||
| 500 | _aIncludes bibliographical references (pages 187-189) and index. | ||
| 650 | 0 |
_aIslamic education _xSocial aspects _zIndia _zWest Bengal. _932458 |
|
| 650 | 0 |
_aMadrasahs _zIndia _zWest Bengal. _932459 |
|
| 942 |
_2ddc _cEN _mGUP _h270.68 |
||
| 999 |
_c54642 _d54642 |
||